000 00521nam a2200181Ia 4500
003 LK-CoDNM
008 010623t1919 xxu||||| |||| 00| 1 eng d
040 _aLK-CoDNM
_dLK-CoDNM
_eLK-CoDNM
041 _aeng
080 _a50
_bD6
245 _aThe new code Arithmetic with Diagrams Standard IV : British the Metric System
260 _bChristian Literature Society
_aColombo
_c1919
300 _b69p., 17 260: Fifth cm
650 _aDecimals
650 _aRupees Cents
650 _aVulgar Fractions
942 _cBK
999 _c89739
_d89739